| 000 | 01121nmm a2200277 a 4500 | ||
|---|---|---|---|
| 001 | ocm000701606 | ||
| 003 | TR-IsHL | ||
| 005 | 20201028130642.0 | ||
| 008 | 131010s1995 tu tur | ||
| 007 | cr cn | ||
| 035 |
_a701606 _b(N$T) |
||
| 050 | 0 | 4 |
_aRD78.6 _b.R27 1995 |
| 090 | 0 | 4 |
_aRD78.6 _b.R27 1995 |
| 100 | 1 | _aReinhard, Matthias | |
| 245 | 1 | 0 |
_aKlinik uygulama teknikleri anestezi yöntemleri tedavi acil kılavuzu: anesteziyoloji _h[electronic resource] / _cMatthias Reinhard ; Reiner Schafer; çev. Talat Mesud Yelbuz |
| 250 | _a1. bs. | ||
| 260 |
_aİstanbul : _bYüce Yayınları, _c1995 |
||
| 300 | _a593 p. | ||
| 650 | 4 | _aTıp | |
| 650 | 4 | _aMedicine | |
| 650 | 0 | _aAnesteziyoloji | |
| 650 | 0 | _aAnesthesiology | |
| 650 | 7 |
_aMEDICAL / Anesthesiology _2bisacsh |
|
| 700 | 1 | _aSchafer, Reiner Yelbuz, Talat Mesud | |
| 856 | 4 | 0 | _uhttp://search.ebscohost.com/login.aspx?direct=true&scope=site&db=e011xww&AN=701606 |
| 999 |
_c4138 _d4138 |
||